000 00719nam a2200217Ia 4500
003 GCL
008 140319s9999 xx 000 0 ara d
020 _a1697209960
040 _aGCL /
_cGCL
082 0 4 _a239.9
_bم ا
100 1 _aمحمد ثابت توفيق
245 1 0 _aاول من اسلم من الغلمان على بن ابى طالب /
_cمحمد ثابت توفيق
250 _aالاولى
260 _aالرياض :
_bمكتبة العبيكان ،
_c2000
300 _a36 ص ؛
_c24 سم
490 _aالاوائل للفتيان
_v4
650 0 4 _aالصحابة والتابعون
650 0 4 _aالخلفاء الراشدون
650 0 4 _aعلى بن ابى طالب
942 _2ddc
_cBK
999 _c3838
_d3838